00390nam a2200169Ia 4500008004000000041000800040082001200048100000600060245005100066260003600117300000700153650000900160650001100169650001200180650001100192650001700203210210b1926 xxu||||| |||| 00| 0 eng d aeng a320/668 a- aLeague of nations social and humanitarian work aGenevabLeague of Nationsc1926 a53 awork asocial anations aLeague ahumanitarian